Bathurst 1000 Winners - Statistics

General Stats
  • This quiz has been taken 75 times
  • The average score is 37 of 49
Answer Stats
Year Race Model Drivers % Correct
2008 Supercheap Auto Bathurst 1000 Ford BF Falcon Craig Lowndes | Jamie Whincup
95%
2007 Supercheap Auto Bathurst 1000 Ford BF Falcon Craig Lowndes | Jamie Whincup
95%
2006 Supercheap Auto Bathurst 1000 Ford BA Falcon Craig Lowndes | Jamie Whincup
95%
2013 Supercheap Auto Bathurst 1000 Ford FG Falcon Mark Winterbottom | Steven Richards
95%
2020 Supercheap Auto Bathurst 1000 Holden Commodore ZB Shane van Gisbergen | Garth Tander
95%
1980 James Hardie 1000 Holden VC Commodore Peter Brock | Jim Richards
93%
1979 Hardie-Ferodo 1000 Holden LX Torana A9X SS Peter Brock | Jim Richards
93%
1978 Hardie-Ferodo 1000 Holden LX Torana A9X SS Peter Brock | Jim Richards
93%
1984 James Hardie 1000 Holden VK Commodore Peter Brock | Larry Perkins
93%
1982 James Hardie 1000 Holden VK Commodore Peter Brock | Larry Perkins
93%
1983 James Hardie 1000 Holden VH Commodore Peter Brock | Larry Perkins | John Harvey
93%
2012 Supercheap Auto Bathurst 1000 Holden VE Commodore Jamie Whincup | Paul Dumbrell
91%
1975 Hardie-Ferodo 1000 Holden LH Torana L34 Peter Brock | Brian Sampson
91%
1987 James Hardie 1000 Holden VL Commodore SS Group A Peter Brock | Peter McLeod | David Parsons
91%
1996 AMP Bathurst 1000 Holden VS Commodore Craig Lowndes | Greg Murphy
89%
2010 Supercheap Auto Bathurst 1000 Holden VE Commodore Craig Lowndes | Mark Skaife
89%
2018 Supercheap Auto Bathurst 1000 Holden Commodore ZB Craig Lowndes | Steven Richards
89%
2015 Supercheap Auto Bathurst 1000 Holden VF Commodore Craig Lowndes | Steven Richards
89%
1992 Tooheys 1000 Nissan Skyline BNR32 GT-R Jim Richards | Mark Skaife
88%
1991 Tooheys 1000 Nissan Skyline BNR32 GT-R Jim Richards | Mark Skaife
88%
2002 Bob Jane T-Marts 1000 Holden VX Commodore Mark Skaife | Jim Richards
88%
1999 FAI 1000 Holden VT Commodore Greg Murphy | Steven Richards
84%
2019 Supercheap Auto Bathurst 1000 Ford Mustang Mk6 Scott McLaughlin | Alexandre Premat
84%
2014 Supercheap Auto Bathurst 1000 Ford FG Falcon Chaz Mostert | Paul Morris
82%
2009 Supercheap Auto Bathurst 1000 Holden VE Commodore Garth Tander | Will Davison
82%
2005 Supercheap Auto Bathurst 1000 Holden VZ Commodore Mark Skaife | Todd Kelly
82%
2021 Repco Bathurst 1000 Holden ZB Commodore Chaz Mostert | Lee Holdsworth
80%
2011 Supercheap Auto Bathurst 1000 Holden VE Commodore Garth Tander | Nick Percat
80%
1998 FAI 1000 Ford EL Falcon Jason Bright | Steven Richards
80%
2000 FAI 1000 Holden VT Commodore Garth Tander | Jason Bargwanna
79%
2001 V8 Supercar 1000 Holden VX Commodore Mark Skaife | Tony Longhurst
79%
2004 Bob Jane T-Marts 1000 Holden VY Commodore Greg Murphy | Rick Kelly
77%
2003 Bob Jane T-Marts 1000 Holden VY Commodore Greg Murphy | Rick Kelly
77%
1997 Primus 1000 Classic Holden VS Commodore Larry Perkins | Russell Ingall
75%
1995 Tooheys 1000 Holden VR Commodore Larry Perkins | Russell Ingall
75%
1993 Tooheys 1000 Holden VP Commodore Larry Perkins | Greg Hansford
71%
1977 Hardie-Ferodo 1000 Ford XC Falcon GT Allan Moffat | Jacky Ickx
63%
1973 Hardie-Ferodo 1000 Ford XA Falcon GT Allan Moffat | Ian Geoghegan
61%
1994 Tooheys 1000 Ford EB Falcon Dick Johnson | John Bowe
59%
1989 Tooheys 1000 Ford Sierra RS500 Dick Johnson | John Bowe
59%
1981 James Hardie 1000 Ford XD Falcon Dick Johnson | John French
59%
2017 Supercheap Auto Bathurst 1000 Holden VF Commodore David Reynolds | Luke Youlden
57%
2016 Supercheap Auto Bathurst 1000 Holden VF Commodore Will Davidson | Jonathon Webb
41%
1988 Tooheys 1000 Ford Sierra RS500 Tony Longhurst | Tomas Mezera
36%
1990 Tooheys 1000 Holden VL Commodore SS Group A SV Win Percy | Allan Grice
36%
1986 James Hardie 1000 Holden VK Commodore SS Group A Allan Grice | Graeme Bailey
32%
1976 Hardie-Ferodo 1000 Holden LH Torana L34 Bob Morris | John Fitzpatrick
32%
1985 James Hardie 1000 Jaguar XJ-S John Goss | Armin Hahne
29%
1974 Hardie-Ferodo 1000 Ford XA Falcon GT John Goss | Kevin Bartlett
27%
No matching quizzes found
Score Distribution
Percent of People with Each Score
Percentile by Number Answered
Your Score History
You have not taken this quiz